000 00681mc a2200205a 44500
001 NM030057
003 RG CODE MARC
008 65020s2015 ||||||||||||||000 | spa||
005 20251028183340.0
020 _a978-950-525-426-2
040 _aORG CODE MARC
100 _aRodríguez Mancini, H. Santiago
_940909
245 _aTeología de la educación para una pastoral educativa
_bcomprender y hacer la escuela desde Jesucristo
_cH. Santiago Rodríguez Mancini
250 _a1ª ed.
260 _aBuenos Aires
_bGrupo Edit. Parmenia
300 _a95 p.
_b17 cm.
490 _aColección Cruz del Sur .Segunda serie
500 _aDonación de Pablo Vernola, 2025
942 _cBK
999 _c29364
_d29364